000 00972nam a22003017a 4500
003 CHAP
005 20220329133858.0
008 971013s1980 r 00010 spa d
010 _a12141
011 _a13113
035 _a17184
040 _cCHAP
090 _aFolleto 7445y
100 0 0 _aGenser, Vaisey.
_947513
245 1 _aAceite canola; propiedades, procesos y calidad alimenticiaa
260 _aWinnipeg :
_bRapeseed Association of Canada,
_c1980
300 _a38 p.
490 0 _aRapeseed Association of Canada. Publicación
_v; 55
590 _aBATCH-UPD
_b10
_c20130110
_lUCH01
_h2203
590 _aBATCH-UPD
_b10
_c20130410
_lUCH01
_h1509
590 _aBATCH-UPD
_b10
_c20130913
_lUCH01
_h1850
590 _aCONVERSION
_b10
_c20130109
_lUCH01
_h1308
650 1 4 _aAceite de colza.
_9430
830 0 _aRapeseed Association of Canada. Publicación
_v; 55
_994685
901 _aBK
942 _cFOLL
949 _aFolleto 7445y
_bBC
_cFOLL
_d-40756
_eTS1
_i17184
_mD
_si
999 _c12141
_d12141